000 nam a22 a 4500
999 _c4707
_d4707
003 AKMAL
005 20170731113541.0
008 170731s2017 my l 00 may d
020 _cRM37.00
082 0 4 _a346.595029 MAL
_221
090 0 0 _a346.595029
_bMAL
110 1 _aMalaysia
_9400
245 1 0 _aAkta Surat Kuasa Wakil 1949 (Disemak-1990) (Akta 424) & Akta Wasiat 1959 (Akta 346) //
_cdisusun oleh Penasihat Undang-Undang MDC
260 _aKuala Lumpur :
_bMDC Publishers,
_c2017
300 0 0 _a27ms. ;
_c27cm
650 0 _aPower of attorney
_zMalaysia
_98674
650 0 _aWills
_zMalaysia
_98675
710 1 _aMalaysia.
_tAkta Wasiat, 1959
_99027
942 _2ddc
_cBOOK
950 _lAKMAL